000 00628nam a2200217Ia 4500
003 OSt
005 20230417111047.0
008 210423s2008 xx 000 0 und d
020 _a108130906546
040 _cAL
041 _aeng
082 _a820.9 BLOV
100 _aBLOOM (Harold),Ed
_989209
245 _aViva modern critical interpretations Herman Melvilles Moby dick
260 _aNew Delhi
_bViva Books Pvt Ltd
_c2008
300 _avii,246
_bPB
365 _b165
_cINR
650 _aLiterature
_989210
906 _acritical ; dick ; Herman ; interpretations ; Melvilles ; Moby ; modern ; Viva
942 _2ddc
_cBK
999 _c159918
_d159918